LEADER 00951nam0-22003491i-450 001 990000349700403321 005 20241216155920.0 035 $a000034970 035 $aFED01000034970 035 $a(Aleph)000034970FED01 100 $a20001010d1982----km-y0itay50------ba 101 0 $aita 102 $aGB 105 $ay-------001yy 200 1 $aAdsorption, Surface Area and Porosity$f(by) S.J. Gregg, K.S.W. Sing 205 $a2° ed. 210 $aLondon$cAcademic Press$d1982 215 $aXI,303 p.$cill.$d24 cm 610 0 $aPedologia 676 $a547 676 $a631.41$v23$zita 700 1$aGregg,$bS.J.$0336593 702 1$aSing,$bK.S.W. 801 0$aIT$bUNINA$gRICA$2UNIMARC 901 $aBK 912 $a990000349700403321 952 $a04 129-101$bCI 7323$fDINCH 952 $aA CHI 498$b15726/2024$fFAGBC 959 $aDINCH 959 $aFAGBC 996 $aAdsorption, Surface Area and Porosity$9125128 997 $aUNINA